000 00351nam a2200145Ia 4500
008 191201s2005 xx 000 0 und d
082 _a512.94
_bSAI
100 _aSANKARA RAO, K
245 0 _aIntroduction to Partial Differential Equations
250 _a2nd
260 _aN.Delhi
_bPHI
_c2005
300 _a430
650 _aApplied
942 _2ddc
_cBK
999 _c1344
_d1344